00757nam a2200241 a 4500001001300000003000900013005001700022008004100039020001000080082001500090100001700105245004000122260004800162300000900210500003500219650002600254700001700280902000800297942000700305952009500312952009500407999001300502nice12345678IN_TiNIC20260116011311.0070405s1940 cama grp 000 0 ara  ac15000a017.2bLEV aLevy, Reuben aCatalogue of the Arabic Manuscripts aCambridgebCambridge University Pressc1940 a338p aincludes index and biblioraphy aManuscripts-Catalogue1 aLevy, Reuben bSRS cBK 00104070aHMIbHMId0000-00-00g150.00l0o017.2 LEVp1931r0000-00-00w2026-01-16yARB 00104070aHMIbHMId0000-00-00g150.00l0o017.2 LEVp1934r0000-00-00w2026-01-16yARB c307d307